<?xml version="1.0" encoding="UTF-8"?><record xmlns="http://www.loc.gov/MARC21/slim" xmlns:zs="http://docs.oasis-open.org/ns/search-ws/sruResponse">
  <leader>03882cidaa22006857i 4500</leader>
  <controlfield tag="001">23351819</controlfield>
  <controlfield tag="005">20250607123525.5</controlfield>
  <controlfield tag="008">231016s2021    xxunnn  o      t    eng  </controlfield>
  <datafield ind1=" " ind2=" " tag="035">
    <subfield code="a">23351819</subfield>
  </datafield>
  <datafield ind1=" " ind2=" " tag="906">
    <subfield code="a">0</subfield>
    <subfield code="b">ibc</subfield>
    <subfield code="c">orignew</subfield>
    <subfield code="d">u</subfield>
    <subfield code="e">ncip</subfield>
    <subfield code="f">20</subfield>
    <subfield code="g">y-folklife</subfield>
  </datafield>
  <datafield ind1=" " ind2=" " tag="955">
    <subfield code="a">masmit 2023-10-16</subfield>
    <subfield code="a">masmit 2024-01-02</subfield>
  </datafield>
  <datafield ind1=" " ind2=" " tag="010">
    <subfield code="a">  2023655362</subfield>
  </datafield>
  <datafield ind1=" " ind2=" " tag="040">
    <subfield code="a">DLC</subfield>
    <subfield code="b">eng</subfield>
    <subfield code="e">dacs</subfield>
    <subfield code="c">DLC</subfield>
  </datafield>
  <datafield ind1=" " ind2=" " tag="043">
    <subfield code="a">n-us-ny</subfield>
  </datafield>
  <datafield ind1=" " ind2=" " tag="090">
    <subfield code="a">AFC 2021/008: 002</subfield>
  </datafield>
  <datafield ind1="1" ind2=" " tag="100">
    <subfield code="a">Frederick, Edward F.,</subfield>
    <subfield code="e">interviewee.</subfield>
  </datafield>
  <datafield ind1="1" ind2="0" tag="245">
    <subfield code="a">Edward Frederick interview conducted by Aaron Paige and Elinor Levy, 2021-09-24.</subfield>
  </datafield>
  <datafield ind1=" " ind2="0" tag="264">
    <subfield code="c">2021-09-24.</subfield>
  </datafield>
  <datafield ind1=" " ind2=" " tag="300">
    <subfield code="a">1 sound recording (01:15:20) :</subfield>
    <subfield code="b">digital, wav</subfield>
  </datafield>
  <datafield ind1=" " ind2=" " tag="300">
    <subfield code="a">1 manuscript :</subfield>
    <subfield code="b">digital, doc</subfield>
  </datafield>
  <datafield ind1=" " ind2=" " tag="336">
    <subfield code="a">spoken word</subfield>
    <subfield code="b">spw</subfield>
    <subfield code="2">rdacontent</subfield>
  </datafield>
  <datafield ind1=" " ind2=" " tag="337">
    <subfield code="a">computer</subfield>
    <subfield code="b">c</subfield>
    <subfield code="2">rdamedia</subfield>
  </datafield>
  <datafield ind1=" " ind2=" " tag="337">
    <subfield code="a">audio</subfield>
    <subfield code="b">s</subfield>
    <subfield code="2">rdamedia</subfield>
  </datafield>
  <datafield ind1=" " ind2=" " tag="338">
    <subfield code="a">online resource</subfield>
    <subfield code="b">cr</subfield>
    <subfield code="2">rdacarrier</subfield>
  </datafield>
  <datafield ind1=" " ind2=" " tag="500">
    <subfield code="a">Due to COVID-19 pandemic, interview conducted remotely via Zencastr.</subfield>
  </datafield>
  <datafield ind1="0" ind2=" " tag="506">
    <subfield code="a">Collection is open for research. To request materials, please contact the Folklife Reading Room at</subfield>
    <subfield code="u">https://hdl.loc.gov/loc.afc/folklife.contact</subfield>
  </datafield>
  <datafield ind1=" " ind2=" " tag="518">
    <subfield code="a">Recorded remotely at the interviewee's home residence, Hillsdale, New York, September 24, 2021.</subfield>
  </datafield>
  <datafield ind1=" " ind2=" " tag="520">
    <subfield code="a">Community Outreach Worker Edward Frederick connects farmworkers to health services in the Northeast region of Dutchess County, New York. A former member of the Peace Corps who served in El Salvador, he talks about how this is a second career and why he has enjoyed working with people since his Peace Corps days.</subfield>
  </datafield>
  <datafield ind1="8" ind2=" " tag="524">
    <subfield code="a">Community Health Workers in Downstate New York: Archie Green Fellows Project, 2021-2022 (AFC 2021/008), American Folklife Center, Library of Congress, Washington, D.C.</subfield>
  </datafield>
  <datafield ind1=" " ind2=" " tag="540">
    <subfield code="a">Duplication of collection materials may be governed by copyright and other restrictions.</subfield>
  </datafield>
  <datafield ind1=" " ind2=" " tag="545">
    <subfield code="a">To honor the memory of Archie Green (1917-2009), a fellowship program was established at the American Folklife Center in 2010. Archie Green Fellowships support new research in the contemporary culture and traditions of American workers.</subfield>
  </datafield>
  <datafield ind1="1" ind2="0" tag="600">
    <subfield code="a">Frederick, Edward F.</subfield>
    <subfield code="v">Interviews.</subfield>
  </datafield>
  <datafield ind1=" " ind2="0" tag="650">
    <subfield code="a">Community health aides</subfield>
    <subfield code="z">New York (State)</subfield>
    <subfield code="z">Downstate New York</subfield>
    <subfield code="v">Interviews.</subfield>
  </datafield>
  <datafield ind1=" " ind2="0" tag="650">
    <subfield code="a">Community health services</subfield>
    <subfield code="z">New York (State)</subfield>
    <subfield code="z">Dutchess County.</subfield>
  </datafield>
  <datafield ind1=" " ind2="0" tag="650">
    <subfield code="a">Community health services</subfield>
    <subfield code="x">Citizen participation.</subfield>
  </datafield>
  <datafield ind1=" " ind2="0" tag="650">
    <subfield code="a">Career changes.</subfield>
  </datafield>
  <datafield ind1=" " ind2="0" tag="650">
    <subfield code="a">Migrant agricultural laborers</subfield>
    <subfield code="x">Health and hygiene.</subfield>
  </datafield>
  <datafield ind1=" " ind2="0" tag="650">
    <subfield code="a">Migrant agricultural laborers</subfield>
    <subfield code="x">Social life and customs.</subfield>
  </datafield>
  <datafield ind1=" " ind2="0" tag="650">
    <subfield code="a">Migrant agricultural laborers</subfield>
    <subfield code="x">Economic conditions.</subfield>
  </datafield>
  <datafield ind1=" " ind2="0" tag="650">
    <subfield code="a">Migrant agricultural laborers</subfield>
    <subfield code="x">Medical care.</subfield>
  </datafield>
  <datafield ind1=" " ind2="0" tag="650">
    <subfield code="a">Health services accessibility</subfield>
    <subfield code="z">New York (State)</subfield>
  </datafield>
  <datafield ind1=" " ind2="0" tag="650">
    <subfield code="a">Language in the workplace.</subfield>
  </datafield>
  <datafield ind1=" " ind2="0" tag="650">
    <subfield code="a">Migrant agricultural laborers</subfield>
    <subfield code="x">Housing and health.</subfield>
  </datafield>
  <datafield ind1=" " ind2="0" tag="650">
    <subfield code="a">Job satisfaction.</subfield>
  </datafield>
  <datafield ind1=" " ind2="0" tag="650">
    <subfield code="a">Hazardous occupations.</subfield>
  </datafield>
  <datafield ind1=" " ind2="7" tag="655">
    <subfield code="a">Sound recordings.</subfield>
    <subfield code="2">lcgft</subfield>
  </datafield>
  <datafield ind1=" " ind2="7" tag="655">
    <subfield code="a">Personal narratives.</subfield>
    <subfield code="2">lcgft</subfield>
  </datafield>
  <datafield ind1=" " ind2="7" tag="655">
    <subfield code="a">Oral histories.</subfield>
    <subfield code="2">lcgft</subfield>
  </datafield>
  <datafield ind1=" " ind2="7" tag="655">
    <subfield code="a">Interviews.</subfield>
    <subfield code="2">lcgft</subfield>
  </datafield>
  <datafield ind1="1" ind2=" " tag="700">
    <subfield code="a">Levy, Elinor,</subfield>
    <subfield code="d">1961-</subfield>
    <subfield code="e">interviewer.</subfield>
  </datafield>
  <datafield ind1="1" ind2=" " tag="700">
    <subfield code="a">Paige, Aaron,</subfield>
    <subfield code="d">1981-</subfield>
    <subfield code="e">interviewer.</subfield>
  </datafield>
  <datafield ind1="2" ind2=" " tag="710">
    <subfield code="a">Occupational Folklife Project,</subfield>
    <subfield code="e">sponsor.</subfield>
  </datafield>
  <datafield ind1=" " ind2=" " tag="751">
    <subfield code="a">Hillsdale (N.Y.),</subfield>
    <subfield code="e">event place.</subfield>
  </datafield>
  <datafield ind1="0" ind2=" " tag="773">
    <subfield code="t">Community Health Workers in Downstate New York: Archie Green Fellows Project, 2021-2022</subfield>
    <subfield code="g">AFC 2021/008</subfield>
    <subfield code="w">(DLC) 2023655245</subfield>
  </datafield>
  <datafield ind1=" " ind2=" " tag="852">
    <subfield code="a">Library of Congress</subfield>
    <subfield code="b">American Folklife Center,</subfield>
    <subfield code="e">101 Independence Ave. S.E., Washington, DC USA 20540-4610</subfield>
    <subfield code="u">https://hdl.loc.gov/loc.afc/folklife.home</subfield>
  </datafield>
  <datafield ind1="4" ind2="0" tag="856">
    <subfield code="3">Audio of interview with Ed Frederick.</subfield>
    <subfield code="d">afc2021008</subfield>
    <subfield code="f">afc2021008_002_sr01</subfield>
    <subfield code="u">https://hdl.loc.gov/loc.afc/afc2021008.afc2021008_002_sr01</subfield>
  </datafield>
  <datafield ind1="4" ind2="0" tag="856">
    <subfield code="3">Transcript of interview with Ed Frederick.</subfield>
    <subfield code="f">afc2021008_002_ms01</subfield>
    <subfield code="d">afc2021008</subfield>
  </datafield>
  <datafield ind1=" " ind2=" " tag="985">
    <subfield code="a">afc/ofp</subfield>
  </datafield>
  <datafield ind1=" " ind2=" " tag="985">
    <subfield code="a">afc/agf</subfield>
  </datafield>
  <datafield ind1=" " ind2=" " tag="985">
    <subfield code="a">afc/ofp/2021008</subfield>
  </datafield>
</record>
